| 000 | 00000ngm 2200000zi 4500 |
| 001 | 9.929387 |
| 003 | CaOODSP |
| 005 | 20250213134748 |
| 006 | m o c f |
| 007 | cr cn |||||||| |
| 008 | 231024t20232023quc017 fo v|sgn d |
| 020 | |a9780660684567 |
| 040 | |aCaOODSP|bfre|erda|cCaOODSP |
| 041 | 7|afcs|2ISO 639-3 |
| 043 | |an-cn--- |
| 086 | 1 |aEm12-105/2023F-MP4 |
| 245 | 00|aLoi sur la prestation canadienne pour les personnes handicapées, L.C. 2023, ch. 17 : |bsanctionée 2023-06-22. |
| 264 | 1|a[Gatineau, Québec] : |b[Emploi et deĢveloppement social Canada = Employment and Social Development Canada], |c[2023] |
| 264 | 4|c©2023 |
| 300 | |a1 ressource en ligne (1 fichier vidéo (17 min., 19 sec.)) : |bmuet, couleur |
| 336 | |aimage animée bidimensionnelle|btdi|2rdacontent/fre |
| 337 | |ainformatique|bc|2rdamedia/fre |
| 338 | |aressource en ligne|bcr|2rdacarrier/fre |
| 500 | |aPublié aussi en anglais sous le titre : Canada Disability Benefit Act, S.C. 2023, c.17: assented to 2023-06-22. |
| 500 | |aTitre de l'écran d'ouverture. |
| 538 | |aConfiguration requise : Logiciel de lecture multimédia tels que Lecteur Windows Media. |
| 538 | |aMode d'accès : World Wide Web. |
| 546 | |aEn langue des signes québécoise. |
| 650 | 6|aAssurance-invalidité|xDroit|zCanada. |
| 655 | 7|aVidéos pour personnes handicapées auditives|2rvmgf |
| 655 | 7|aVidéos sur Internet|2rvmgf |
| 710 | 1 |aCanada. |bEmploi et développement social Canada, |eorganisme de publication. |
| 775 | 08|tCanada Disability Benefit Act S.C. 2023, c. 17 : |w(CaOODSP)9.929386 |
| 856 | 40|qMP4|s1.54 Go|uhttps://publications.gc.ca/collections/collection_2024/edsc-esdc/Em12-105-2023-fra.mp4 |
| 856 | 4 |qHTML|sS.O.|uhttps://www.canada.ca/fr/emploi-developpement-social/programmes/prestation-situation-handicap/lecture-loi-c22.html |